000 01537nam a22002417a 4500
999 _c59923
_d59923
003 Ge_BSU
005 20230510163407.0
008 230510s2006 ge ||||| |||| 00| 0 geo d
020 _a9994007564
041 _ageo
080 _a902.2(479.222.4) ს-15
100 _aსადრაძე, ვაჟა
_917946
245 _aგურიის კულტურული მემკვიდრეობა, დიმიტრი ბაქრაძე და თანამედროვეობა /
_cვაჟა სადრაძე, ჯუანშერ ამირანაშვილი, მერაბ ძნელაძე ; [რედ.: ანდრია აფაქიძე] ; საქ. მეცნ. აკად., არქეოლ. კვლევ. ცენტრი, სიძველეთა შესწ. და დაცვის საქველმოქმ. ფონდი "გურია".
264 _aთბილისი :
_c 2006.
300 _a141 გვ. :
_bილ. ;
_c20 სმ.
504 _aბიბლიოგრ.: გვ. 52-55.
653 _aბაქრაძე, დიმიტრი.
653 _aარქეოლოგიური გათხრები გურიაში.
653 _aქართველი არქეოლოგები
700 _aამირანაშვილი, ჯუანშერ
_e ავტორი
_917671
700 _aძნელაძე, მერაბ
_eავტორი
_918080
942 _2udc
_cBK